Statistics for Gran Canaria Airport Destinations (Gran Canaria, Spain)

Click here to take the quiz!

General Stats

  • This quiz has been taken 70 times
  • The average score is 96 of 157

Answer Stats

AirlineDestination% Correct
Ryanair/VuelingBarcelona
98%
British Airways/easyJet/TUI Airways/VuelingLondon (Gatwick)
98%
easyJet/RyanairLondon (Luton)
98%
Jet2.com/Ryanair/TUI AirwaysLondon (Stansted)
98%
easyJet/TAP Air PortugalLisbon
96%
Air Europa/Iberia/Iberia Express/RyanairMadrid
96%
Ryanair/VuelingMalaga
96%
Volotea/VuelingBilbao
91%
RyanairPorto
91%
Ryanair/VuelingSeville
91%
Binter Canarias/CanaryFlyTenerife (North)
91%
Binter CanariasTenerife (South)
91%
Corendon Dutch Airlines/easyJet/Transavia/TUI fly Netherlands/VuelingAmsterdam
89%
DAT/Norwegian Air Shuttle/Scandinavian Airlines/Sunclass Airlines/VuelingCopenhagen
89%
Aer Lingus/Ryanair/TUI AirwaysDublin
89%
Norwegian Air Shuttle/Scandinavian Airlines/Sunclass AirlinesOslo
89%
SmartwingsPrague
89%
Austrian Airlines/RyanairVienna
89%
Chair Airlines/Edelweiss AirZurich
89%
Iberia/VuelingAlicante
87%
Brussels Airlines/TUI fly BelgiumBrussels
87%
Binter Canarias/Royal Air Maroc ExpressCasablanca
87%
Finnair/Sunclass AirlinesHelsinki
87%
Binter Canarias/RyanairPalma de Mallorca
87%
Air France/VuelingParis (Charles de Gaulle)
87%
TransaviaParis (Orly)
87%
airBalticRiga
87%
Iberia/Ryanair/VuelingValencia
87%
Norwegian Air Shuttle/Scandinavian Airlines/Sunclass AirlinesBergen
84%
RyanairCork
84%
Jet2.com/RyanairEdinburgh
84%
Condor/EurowingsHamburg
84%
Binter CanariasIbiza
84%
Neos/RyanairMilan (Malpensa)
84%
Condor/Eurowings Discover/Lufthansa/Marabu/TUI fly NetherlandsMunich
84%
TUI fly BelgiumAntwerp
82%
easyJet/Jet2.comBelfast (International)
82%
Ryanair/SundairBerlin
82%
Corendon Airlines/Eurowings/RyanairCologne/Bonn
82%
easyJetGeneva
82%
easyJet/Jet2.com/TUI AirwaysGlasgow
82%
RyanairGlasgow (Prestwick)
82%
Scandinavian Airlines/Sunclass Airlines/TUI fly NordicGothenburg
82%
Binter Canarias/CanaryFlyLanzarote
82%
easyJet/Jet2.com/Ryanair/TUI AirwaysManchester
82%
RyanairMarrakesh
82%
Ryanair/VuelingRome (Fiumicino)
82%
Norwegian Air Shuttle/Scandinavian Airlines/Sunclass Airlines/TUI fly NordicStockholm (Arlanda)
82%
Enter AirWarsaw (Chopin)
82%
RyanairKrakow
80%
LuxairLuxembourg
80%
VoloteaMarseille
80%
Jet2.com/Ryanair/TUI AirwaysBirmingham
78%
RyanairBudapest
78%
Condor/Eurowings Discover/TUI fly NetherlandsFrankfurt
78%
Binter Canarias/CanaryFlyFuerteventura
78%
Transavia/VoloteaLyon
78%
Icelandair/PlayReykjavik
78%
Binter CanariasSal
78%
easyJet/Jet2.com/Ryanair/TUI AirwaysBristol
76%
Binter CanariasMenorca
76%
Condor/Eurowings/TUI fly NetherlandsStuttgart
76%
Binter CanariasVenice
76%
Condor/Corendon Airlines/Eurowings/TUI fly NetherlandsDusseldorf
73%
CondorLeipzig/Halle
73%
TransaviaRotterdam/The Hague
73%
Binter Canarias/Iberia/VuelingZaragoza
73%
Transavia/TUI fly NetherlandsEindhoven
71%
Corendon Airlines/TUI fly NetherlandsHannover
71%
Jet2.com/Ryanair/TUI AirwaysNewcastle upon Tyne
71%
Iberia/Ryanair/VuelingSantiago de Compostela
71%
DATAarhus
69%
RyanairBologna
69%
Azores Airlines/Binter CanariasFunchal
69%
Binter Canarias/VuelingGranada
69%
Jet2.comLeeds/Bradford
69%
Binter Canarias/VoloteaLille
69%
Sunclass Airlines/TUI fly NordicMalmo
69%
VoloteaNantes
69%
VoloteaStrasbourg
69%
Binter Canarias/VoloteaToulouse
69%
SundairBremen
67%
Binter CanariasA Coruna
64%
Binter CanariasAgadir
64%
Binter CanariasDakar (Diass)
64%
Corendon AirlinesNuremberg
64%
Binter Canarias/IberiaVigo
64%
DAT/Sunclass AirlinesAalborg
62%
TUI fly BelgiumLiege
62%
Binter CanariasFes
60%
Binter CanariasFlorence
60%
Azores Airlines/Binter CanariasPonta Delgada
60%
Scandinavian AirlinesTrondheim
60%
DAT/Scandinavian Airlines/Sunclass Airlines/VuelingBillund
58%
TUI AirwaysCardiff
58%
SundairDresden
58%
Enter AirKatowice
58%
Binter Canarias/CanaryFlyLa Palma
58%
Binter Canarias/Volotea/VuelingAsturias
56%
Binter CanariasSan Sebastian
56%
Binter CanariasSantander
56%
Scandinavian Airlines/Sunclass AirlinesStavanger
56%
Sunclass AirlinesTromso
56%
Corendon Dutch AirlinesMaastricht/Aachen
53%
Binter CanariasTangier
53%
Binter CanariasMurcia
51%
TUI fly BelgiumOstend/Bruges
51%
NeosVerona
51%
RyanairCharleroi
49%
RyanairKarlsruhe/Baden-Baden
49%
RyanairShannon
49%
RyanairBergamo
47%
Jet2.com/Ryanair/TUI AirwaysEast Midlands
47%
Sunclass AirlinesTurku
47%
TUI fly NetherlandsGroningen
44%
RyanairPisa
44%
IberiaBadajoz
42%
Binter CanariasJerez de la Frontera
42%
IberiaLeon
42%
Binter CanariasPamplona
42%
Binter CanariasEl Hierro
40%
Binter Canarias/Mauritania AirlinesNouakchott
40%
Binter Canarias/IberiaValladolid
38%
Sunclass AirlinesBodo
36%
Binter CanariasReus
36%
Norwegian Air ShuttleAlesund
33%
IberiaMelilla
31%
Ryanair/TUI AirwaysBournemouth
29%
RyanairTreviso
29%
Binter CanariasBanjul
27%
Sunclass Airlines/TUI fly NordicLulea
27%
RyanairMemmingen
27%
Sunclass Airlines/TUI fly NordicUmea
27%
TUI fly NordicVaxjo
27%
SmartwingsLubeck
24%
Freebird Airlines EuropePaderborn/Lippstadt
24%
Binter CanariasVitoria
24%
Sunclass AirlinesJonkoping
22%
Scandinavian AirlinesKristiansand
22%
Sunclass AirlinesSandefjord
22%
TUI fly NordicNorrkoping
20%
Sunclass Airlines/TUI fly NordicOrebro
20%
Scandinavian AirlinesMolde
18%
Atlantic AirwaysVagar
18%
TUI AirwaysExeter
16%
Sunclass AirlinesHarstad/Narvik
16%
SundairKassel
16%
Sunclass AirlinesKuopio
16%
Binter Canarias/Royal Air MarocLaayoune
16%
Scandinavian AirlinesHaugesund
13%
Scandinavian AirlinesKalmar
13%
Sunclass AirlinesVaasa
13%
Binter CanariasEssaouira
11%
Sunclass AirlinesKarlstad
11%
Binter CanariasDakhla
7%
Mauritania AirlinesNouadhibou
7%
Binter CanariasGuelmim
0%

Score Distribution

Percentile by Number Answered

Percent of People with Each Score

Your Score History

You have not taken this quiz